Current trends in programming methodology

Saved in:
Bibliographic Details
Other Authors: Chandy, K. Mani, Yeh, Raymond T.
Format: Book
Language:English
Published: Englewood Cliffs Prentice-Hall 1978
Tags: Add Tag
No Tags, Be the first to tag this record!

MARC

LEADER 00000nam a2200000 4500
001 c127071
005 20041019155239.7
041 0 |a eng 
044 |a US 
245 1 0 |a Current trends in programming methodology  |c Red. K. Mani Chandy, Raymond T. Yeh 
264 1 |a Englewood Cliffs  |b Prentice-Hall  |c 1978 
300 |a 379 s. 
700 1 |a Chandy, K. Mani 
700 1 |a Yeh, Raymond T.